Skoczkowie bez zwycięstwa w Pucharze Świata #1 - Statystyki

Ogólne statystyki
  • Ten quiz został rozwiązany 456 razy
  • Średni wynik to 10 z 16
Answers on the Grid
Answers color-coded by a green-red scale on the quiz's grid according to % correct below.
Manuel Fettner
Valentin Foubert
Ren Nikaido
Kacper Tomasiak
Jonas Schuster
Tomofumi Naito
Kevin Bickner
Stefan Hula
Daniel Tschofenig
Paweł Wąsek
Antti Aalto
Stephan Embacher
Aleksander Zniszczoł
Naoki Nakamura
Philiph Raimund
Artti Aigro
Felix Hoffman
Gregor Deschwanden
Kristoffer Eriksen Sundal
Maximillian Ortner
Piotr Żyła
Władimir Zografski
Niko Kytosaho
Dawid Kubacki
 
Statystyki odpowiedzi
Odpowiedź % Poprawnych
Valentin Foubert
91%
Kacper Tomasiak
80%
Manuel Fettner
70%
Stefan Hula
70%
Antti Aalto
68%
Paweł Wąsek
68%
Artti Aigro
67%
Kevin Bickner
65%
Władimir Zografski
65%
Aleksander Zniszczoł
62%
Jonas Schuster
59%
Niko Kytosaho
56%
Felix Hoffman
45%
Kristoffer Eriksen Sundal
45%
Maximillian Ortner
44%
Naoki Nakamura
36%
Nie znaleziono quizów pasujących do podanych kryteriów
Rozkład punktacji
Procent ludzi z każdym wynikiem
Percentyl według liczby udzielonych odpowiedzi
Twoja historia wyników
Nie rozwiązałeś tego quizu